Statistics for Random Pixelated Asian Country Shapes

Click here to take the quiz!

General Stats

  • This quiz has been taken 962 times
  • The average score is 8 of 10

Answer Stats

Answer% Correct
India
100%
Japan
100%
China
98%
Turkey
96%
Vietnam
95%
Philippines
94%
Sri Lanka
94%
Cyprus
93%
Indonesia
93%
Thailand
93%
Laos
91%
Kazakhstan
90%
Mongolia
89%
Myanmar
88%
Afghanistan
87%
Pakistan
86%
Saudi Arabia
86%
Israel
85%
Bangladesh
84%
Iran
84%
Nepal
83%
Taiwan
83%
Oman
81%
Malaysia
78%
Tajikistan
78%
Uzbekistan
78%
Azerbaijan
77%
Jordan
77%
Iraq
73%
Georgia
71%
Kyrgyzstan
71%
Kuwait
70%
South Korea
69%
United Arab Emirates
69%
East Timor
68%
Syria
68%
Yemen
68%
North Korea
67%
Turkmenistan
67%
Armenia
56%
Brunei
55%

Score Distribution

Percentile by Number Answered

Percent of People with Each Score

Your Score History

You have not taken this quiz